Pavananti Munivar iyarriya Nannūl mūlamum. (Record no. 81267)
[ view plain ]
| 000 -LEADER | |
|---|---|
| fixed length control field | 00824cam a22002771 4500 |
| 001 - CONTROL NUMBER | |
| control field | sa 68006346 |
| 003 - CONTROL NUMBER IDENTIFIER | |
| control field | DLC |
| 005 - DATE AND TIME OF LATEST TRANSACTION | |
| control field | 20260227112515.0 |
| 008 - FIXED-LENGTH DATA ELEMENTS--GENERAL INFORMATION | |
| fixed length control field | 891030s1966 ii 000 0 tamo |
| 010 ## - LIBRARY OF CONGRESS CONTROL NUMBER | |
| LC control number | sa 68006346 |
| 035 ## - SYSTEM CONTROL NUMBER | |
| System control number | (OCoLC)20571215 |
| 040 ## - CATALOGING SOURCE | |
| Original cataloging agency | DLC |
| Transcribing agency | WaU |
| Modifying agency | DLC |
| 042 ## - AUTHENTICATION CODE | |
| Authentication code | premarc |
| 050 00 - LIBRARY OF CONGRESS CALL NUMBER | |
| Classification number | PL4754 |
| Item number | .P35 1966 |
| 100 0# - MAIN ENTRY--PERSONAL NAME | |
| Personal name | Pavaṇanti, |
| Dates associated with a name | active 1178-1214. |
| 240 10 - UNIFORM TITLE | |
| Uniform title | Nan̲n̲ūl |
| 245 10 - TITLE STATEMENT | |
| Title | Pavananti Munivar iyarriya Nannūl mūlamum. |
| 250 ## - EDITION STATEMENT | |
| Edition statement | [1st ed.] |
| 260 ## - PUBLICATION, DISTRIBUTION, ETC. | |
| Date of publication, distribution, etc. | 1966. |
| 300 ## - PHYSICAL DESCRIPTION | |
| Extent | 30, 450 p. |
| Dimensions | 19 cm. |
| 500 ## - GENERAL NOTE | |
| General note | In Tamil. |
| 650 #0 - SUBJECT ADDED ENTRY--TOPICAL TERM | |
| Topical term or geographic name entry element | Tamil language |
| General subdivision | Grammar. |
| 700 1# - ADDED ENTRY--PERSONAL NAME | |
| Personal name | Caṅkara Namaccivāyar, |
| Dates associated with a name | active 17th century. |
| 700 0# - ADDED ENTRY--PERSONAL NAME | |
| Personal name | Civañān̲a Mun̲ivar, |
| Dates associated with a name | active 18th century. |
| 710 2# - ADDED ENTRY--CORPORATE NAME | |
| Corporate name or jurisdiction name as entry element | Tirunelvēli Ten̲n̲intiya Caivacittānta Nūr̲patippuk Kal̲akam. |
No items available.